| 000 | 00462nam a2200181Ia 4500 | ||
|---|---|---|---|
| 001 | 1855 | ||
| 005 | 20260306143759.0 | ||
| 008 | 260306t2020||||xx |||||||||||||| ||spa|| | ||
| 041 | _aESP | ||
| 082 |
_a155.8 _bM27 |
||
| 100 |
_aMassimi, Marina, _eAUT |
||
| 245 | 0 | _aPsychological knowledge and practices in Brazilian colonial culture | |
| 260 | _c2020 | ||
| 300 |
_axx, 238 páginas : _c24 cm. |
||
| 650 | _aGEN | ||
| 654 | _aCPS | ||
| 942 |
_cLIB _dJUS _fJUS _2ddc _n |
||
| 999 |
_c1855 _d1855 |
||